00916nam a2200277Ia 450000500170000000800410001702000220005808200190008010000190009924500590011825000190017730000430019649000120023950000190025160000620027060000680033265000310040070000290043194200120046026400280047233600270050033700330052733800280056004000350058899900150062320220317001111.0160825s2008 spaa g 000 0 spa  a9,7884815622e+01204a927.492 bZ82v1 aZuffi, Stefano10aVermeercStefano Zuffi ; traducción Víctos Gallego a1a. edición  a143 páginas bilustraciones c24 cm  aArtBook aIncluye indice14aVermeer, Jan d 1632-1675 xTrabajos pictóricos 96602214aVermeer, Jan q1632-1675 xCrítica e interpretación 966023142LEMBaPintores Holandeses 1 aGallego, Víctor966024 2ddccBK aBarcelonabElectac2008 atextobtxt2rdacontent asin mediaciónbn2rdamedia avolumenbnc2rdacarrier aCO-BoRNBPbspaerdacCO-BoRNBP c5928d5928